书目信息 |
| 题名: |
墨子
|
|
| 作者: | 墨子 著 ;刘少影 译注 | |
| 分册: | ||
| 出版信息: | 北京 中国工人出版社 2016 |
|
| 页数: | 175页 | |
| 开本: | 24cm | |
| 丛书名: | 中华传统文化经典普及文库 | |
| 单 册: | ||
| 中图分类: | B224.2 , B224.4 | |
| 科图分类: | ||
| 主题词: | 墨家 | |
| 电子资源: | ||
| ISBN: | 978-7-5008-6469-1 | |
| 000 | 01131oam2 2200313 45 | |
| 001 | 012001000907 | |
| 005 | 20140920091302.0 | |
| 010 | @a978-7-5008-6469-1@dCNY30.00 | |
| 100 | @a20160824d2016 em y0chiy50 ea | |
| 101 | 0 | @achi |
| 102 | @aCN@b110000 | |
| 105 | @aa z 000yy | |
| 106 | @ar | |
| 200 | 1 | @a墨子@f(战国)墨子著@g刘少影译注@9Mo Zi |
| 210 | @a北京@c中国工人出版社@d2016 | |
| 215 | @a175页@c图@d24cm | |
| 225 | 1 | @a中华传统文化经典普及文库@v05 |
| 314 | @a封面题:刘少影译注 | |
| 330 | @a《墨子》是先秦时期墨家学派的著作总集,一般认为是由墨子的弟子及其后学在不同时期记述编纂而成。集墨家思想之大成的《墨子》反映了墨家所倡导的的尚贤、尚同、兼爱、非攻、节用、节藏等主张,基本反映了广大劳动阶层的呼声,可谓是中国文化中的一部奇书。本书对《墨子》加以注释和翻译。 | |
| 461 | 0 | @12001 @a中华传统文化经典普及文库 |
| 605 | @a《墨子》@x注释 | |
| 605 | @a《墨子》@x译文 | |
| 606 | 0 | @a墨家 |
| 690 | @aB224.2@v5 | |
| 690 | @aB224.4@v5 | |
| 701 | 0 | @c(战国)@a墨子@9Mo Zi@f(前476?~前390)@4著 |
| 702 | 0 | @a刘少影@9Liu Shao Ying@4译注 |
| 801 | 0 | @aCN@b上海新华@c20180901 |
| 905 | @b1151402-06@dB224.2@e819@f5 | |
| 墨子/(战国)墨子著/刘少影译注.-北京:中国工人出版社,2016 |
| 175页:图;24cm.-(中华传统文化经典普及文库;05) |
| ISBN 978-7-5008-6469-1:CNY30.00 |
| 《墨子》是先秦时期墨家学派的著作总集,一般认为是由墨子的弟子及其后学在不同时期记述编纂而成。集墨家思想之大成的《墨子》反映了墨家所倡导的的尚贤、尚同、兼爱、非攻、节用、节藏等主张,基本反映了广大劳动阶层的呼声,可谓是中国文化中的一部奇书。本书对《墨子》加以注释和翻译。 |
| ● |
| 相关链接 |
|
|
|
|
正题名:墨子
索取号:B224.2/819
 
预约/预借
| 序号 | 登录号 | 条形码 | 馆藏地/架位号 | 状态 | 备注 |
| 1 | 1151402 | 211514020 | 第一样本阅览室/ [索取号:B224.2/819] | 在馆 | |
| 2 | 1151403 | 211514039 | 第一借阅区/ [索取号:B224.2/819] | 在馆 | |
| 3 | 1151404 | 211514048 | 第一借阅区/ [索取号:B224.2/819] | 在馆 | |
| 4 | 1151405 | 211514057 | 第一借阅区/ [索取号:B224.2/819] | 在馆 | |
| 5 | 1151406 | 211514066 | 第一借阅区/ [索取号:B224.2/819] | 在馆 |